<?xml version="1.0" encoding="UTF-8"?><?xml-stylesheet type="text/xsl" href="static/style.xsl"?><OAI-PMH xmlns="http://www.openarchives.org/OAI/2.0/" xmlns:xsi="http://www.w3.org/2001/XMLSchema-instance" xsi:schemaLocation="http://www.openarchives.org/OAI/2.0/ http://www.openarchives.org/OAI/2.0/OAI-PMH.xsd"><responseDate>2026-06-29T02:27:27Z</responseDate><request verb="GetRecord" identifier="oai:docta.ucm.es:20.500.14352/119109" metadataPrefix="marc">https://docta.ucm.es/rest/oai/request</request><GetRecord><record><header><identifier>oai:docta.ucm.es:20.500.14352/119109</identifier><datestamp>2025-04-02T00:13:49Z</datestamp><setSpec>com_20.500.14352_14</setSpec><setSpec>col_20.500.14352_15</setSpec></header><metadata><record xmlns="http://www.loc.gov/MARC21/slim" xmlns:dcterms="http://purl.org/dc/terms/" xmlns:xsi="http://www.w3.org/2001/XMLSchema-instance" xmlns:doc="http://www.lyncode.com/xoai" xsi:schemaLocation="http://www.loc.gov/MARC21/slim http://www.loc.gov/standards/marcxml/schema/MARC21slim.xsd">
   <leader>00925njm 22002777a 4500</leader>
   <datafield ind2=" " ind1=" " tag="042">
      <subfield code="a">dc</subfield>
   </datafield>
   <datafield ind2=" " ind1=" " tag="720">
      <subfield code="a">Santiago Fernández, Francisco Javier</subfield>
      <subfield code="e">author</subfield>
   </datafield>
   <datafield ind2=" " ind1=" " tag="260">
      <subfield code="c">2024-12</subfield>
   </datafield>
   <datafield ind2=" " ind1=" " tag="520">
      <subfield code="a">Este artículo analiza las inscripciones hispanas de consagración, es decir, las relacionadas con la liturgia de consagración de las iglesias, del período visigodo, profundizando en su función y su estructura formular. Además, se estudian otros tipos de epígrafes; se trata de aquellos habitualmente conocidos como invocationes y hortationes. En estas se ha observado una relación con la liturgia de consagración y con los formulismos de la ceremonia. Este vínculo conduce a la conclusión de que una de las funciones de estos epígrafes fue contribuir a sacralizar el espacio eclesiástico.</subfield>
   </datafield>
   <datafield ind2=" " ind1=" " tag="520">
      <subfield code="a">This article analyses Hispanic consecration inscriptions – those related to the consecration liturgy of churches – from the Visigothic period, studying their function and their formulary structure. In addition, other types of
epigraphs are studied: those commonly known as invocationes and hortationes, in which we have observed a relationship with the liturgy of consecration and with the formulisms of ceremony. This link leads to the conclusion that one of the functions of these epigraphs was to contribute to the sacralization of the ecclesiastical space.</subfield>
   </datafield>
   <datafield ind1="8" ind2=" " tag="024">
      <subfield code="a">Santiago Fernández, J. d. (2024). Epigrafía y consagración de espacios eclesiales en Hispania en época visigoda. Hispania: Revista española de historia, 84(278), 1-10. https://doi.org/10.3989/HISPANIA.2024.1105</subfield>
   </datafield>
   <datafield ind1="8" ind2=" " tag="024">
      <subfield code="a">0018-2141</subfield>
   </datafield>
   <datafield ind1="8" ind2=" " tag="024">
      <subfield code="a">10.3989/hispania.2024.1105</subfield>
   </datafield>
   <datafield ind1="8" ind2=" " tag="024">
      <subfield code="a">1988-8368</subfield>
   </datafield>
   <datafield ind1="8" ind2=" " tag="024">
      <subfield code="a">https://hdl.handle.net/20.500.14352/119109</subfield>
   </datafield>
   <datafield ind1="8" ind2=" " tag="024">
      <subfield code="a">https://doi.org/10.3989/hispania.2024.1105</subfield>
   </datafield>
   <datafield ind1="8" ind2=" " tag="024">
      <subfield code="a">https://hispania.revistas.csic.es/index.php/hispania/article/view/1105</subfield>
   </datafield>
   <datafield ind2="0" ind1="0" tag="245">
      <subfield code="a">Epigrafía y consagración de espacios eclesiales en Hispania en época visigoda</subfield>
   </datafield>
</record></metadata></record></GetRecord></OAI-PMH>